| 000 | 00496nam a2200169 i 4500 | ||
|---|---|---|---|
| 001 | 23512 | ||
| 003 | ES-MaACL | ||
| 005 | 20251009063050.0 | ||
| 007 | t| | ||
| 008 | 021211s1953 sp ||||1| cat d | ||
| 100 | 1 |
_aAmades, Joan, _d1890-1959 _921074 |
|
| 245 | 1 | 3 |
_aLa imatgeria popular religiosa a Reus / _cJuan Amades. |
| 260 |
_aReus : _bRosa de Reus, _c1953 ( _fSabater) |
||
| 300 |
_a99 p., 32 lám. ; _c25 cm. |
||
| 852 |
_aES-MaACL _j1881-F-9 _bR.35896 |
||
| 999 |
_c23512 _d23512 |
||